[Event "Stay Safe Play From Home 324"]
[Site "Emanuel Lasker Arena"]
[Date "2020.07.22"]
[Round "7"]
[White "Timbre"]
[Black "Weltszmerc"]
[Result "1-0"]
[WhiteElo "1596"]
[BlackElo "2022"]
[Annotator "TA"]
[PlyCount "93"]
[EventDate "2020.07.22"]
[EventType "swiss (blitz)"]

{[%evp 10,92,9,7,15,13,22,0,14,14,24,-17,9,-10,17,10,26,0,18,6,6,0,27,27,48,13,23,-12,0,0,0,-37,0,-28,0,0,29,30,69,57,71,25,166,55,57,60,47,41,48,25,25,25,25,14,25,25,64,25,25,25,166,160,591,554,592,592,843,910,923,916,883,883,833,835,1318,1312,12841,12839,12835,12472,29983,29984,2885,2763,29999]} 1. d4 b6 2. Nf3 Bb7 3. c4 Nf6 4. Nc3 e6 5. Bf4 Be7 6. e3 O-O {E12: Queen's Indian: Unusual White 4th moves, 4 a3, 4 Nc3 Bb7 5 a3 and 4 Nc3 Bb7 .} 7. Be2 d6 8. a3 Nbd7 {The position is equal.} 9. O-O {[#]} Re8 $146 ({Predecessor:} 9... Rc8 10. b4 h6 11. Qc2 Nh5 12. Bg3 Nxg3 13. fxg3 Nf6 14. Nd2 c5 15. bxc5 dxc5 {0-1 (45) Chilton,J (1728)-Ross,S (1599) Basingstoke 2019}) 10. Nb5 Bf8 11. Rc1 a6 12. Nc3 e5 13. dxe5 Nxe5 14. Nxe5 dxe5 15. Bg3 Qe7 16. Qc2 Rad8 17. e4 c6 18. Bf3 Nd7 19. b4 g6 20. Qb3 Bg7 21. a4 Nf8 22. b5 $1 axb5 23. axb5 c5 24. Nd5 Qd6 25. Rcd1 {Hoping for Bh4.} Kh8 (25... Ne6 $11) 26. h3 (26. Bh4 $18) 26... Ne6 $14 27. Nf6 $1 {[%mdl 64] [#] Discovered Attack} Bxf6 28. Rxd6 Rxd6 29. Rd1 Nd4 30. Qb1 $36 {[%mdl 2048] White is more active.} Kg7 31. Rf1 Nxf3+ 32. gxf3 Red8 33. Kg2 (33. Qa1 $5 {[%cal Rg3e5]} Ra8 34. Qc1 $14) 33... Rd3 34. Qa2 {Threatens to win with Qa7.} R8d7 (34... Ra8 $1 $11 {and Black is okay.} 35. Qb2 Rd4) 35. Qa1 $18 R7d4 $2 (35... R3d4 $16 {is tougher.} 36. Re1 Bc8) 36. Qa7 $1 {[%csl LRb6,LRb7][%mdl 64] [#] Double Attack} Bc8 37. Qxb6 h5 38. Qxc5 Be6 39. Bxe5 Rxc4 40. Bxf6+ Kxf6 41. Qa7 Kg5 42. b6 Rcc3 43. Qe7+ Kh6 44. b7 {White threatens Qf8+ and mate.} Rxf3 45. b8=Q {[%cal Rb8h8]} Bxh3+ 46. Kg1 {[%cal Rb8h8]} Bxf1 47. Qh8# {Accuracy: White = 71%, Black = 45%.} 1-0